| 000 | 00000nam 2200000za 4500 |
| 001 | 9.629327 |
| 003 | CaOODSP |
| 005 | 20221107134225 |
| 007 | cr ||||||||||| |
| 008 | 150406s2015 xxca||||o f|0| 0 fre d |
| 020 | |a978-0-660-23499-1 |
| 040 | |aCaOODSP|bfre |
| 043 | |an-cn--- |
| 086 | 1 |aFo93-1/3-2015F-PDF |
| 245 | 03|aLe déboisement au Canada |h[ressource électronique] : |bquels sont les faits? |
| 260 | |a[Ottawa] : |bRessources naturelles Canada, |cc2015. |
| 300 | |a[2] p. : |bphotographes, figure. |
| 500 | |aPublié aussi en anglais sous le titre : Deforestation in Canada : what are the facts? |
| 504 | |aComprend des références bibliographiques. |
| 691 | 07|aDéboisement|2gcpds |
| 710 | 1 |aCanada.|bRessources naturelles Canada. |bService canadien des forêts. |
| 775 | 08|tDeforestation in Canada |w(CaOODSP)9.557349 |
| 776 | 0#|tLe Déboisement au Canada : |w(CaOODSP)9.802076 |
| 856 | 40|qPDF|s195 Ko|uhttps://publications.gc.ca/collections/collection_2015/rncan-nrcan/Fo93-1-3-2015-fra.pdf |